| 000 | 00469nam a2200181Ia 4500 | ||
|---|---|---|---|
| 005 | 20250508153346.0 | ||
| 008 | 008 250505s9999 xx 000 0 eng d | ||
| 037 | _aTextual | ||
| 040 |
_aFEDL _beng _cFEDL |
||
| 041 |
_aeng _2eng |
||
| 084 |
_a379, UNE _qFEDL |
||
| 245 | 0 | _a19th International conference on public education 1956 | |
| 245 | 0 | _cUNESCO | |
| 260 | _c1956 | ||
| 300 | _a158p. | ||
| 942 |
_cTEXL _h379, UNE |
||
| 999 |
_c1342269 _d1342269 |
||